000 00628nam a2200229Ia 4500
003 OSt
005 20220928115653.0
006 a|||||r|||| 00| 0
007 ta
008 220927b |||||||| |||| 00| 0 eng d
024 _a30921
037 _cTextual
040 _aSDCL
_cSDCL
_beng
041 _2eng
_aeng
082 _aL395, M2
100 _aWebb David R Ed.
_9445446
245 0 _aImmunopharmacology and the regulation of leukocyte function.
260 _aNew York
_b Marcel Dekker
_c1982
300 _axi,300p.
_ccm.
942 _hL395, M2
_cTEXL
_2CC
999 _c760390
_d760390